000 00688nam a2200205Ia 4500
003 GCL
008 140319s9999 xx 000 0 ara d
040 _aGCL /
_cGCL
082 0 4 _a10.95
_bع ق
100 1 _aالجرجانى ، القاضى ابوالحسن
245 1 0 _aالقاضى الجرجانى والنقد الادبى /
_cالجرجانى ، القاضى ابوالحسن
260 _a[S.N] :
_bالهيئة المصرية العامة للكتاب ،
_c1991
300 _a47 ص
490 _a
650 0 4 _aالشعر العربى
650 0 4 _aالادب العربى
650 0 4 _aالبلاغة العربية
650 0 4 _aتاريخ ونقد
942 _2ddc
_cBK
999 _c31107
_d31107